01130nam a2200217Ia 4500008004100000020001500041041001200056082001600068100001500084245003700099260003800136300000900174650001400183700001700197942000700214999001500221952017200236952017200408952016000580952017200740221030s9999 xx 000 0 und d a8187210001 aEnglish a105.23bPur aB. R. Puri 0aPrinciples of Physical Chemistry bShoban Lal NaginaJalandharc1999 a1359 aChemistry aL. R. Sharma cBK c1749d1749 pBE 382g250.00l0o105.23 Purr2024-06-13 00:00:00w2022-10-30yBK003Print4070aMIETLIBbMIETLIBcBL-Academic Block - C, FL-2, CUP-18, SH-2, R-2d1999-11-1610HBE pBE 383g250.00l0o105.23 Purr2024-06-13 00:00:00w2022-10-30yBK003Print4070aMIETLIBbMIETLIBcBL-Academic Block - C, FL-2, CUP-18, SH-3, R-3d1999-11-1610HBE pBE 819g250.00l0o105.23 Purr2024-06-13 00:00:00w2022-10-30yBK003Print4071aMIETLIBbMIETLIBcBL-Second, FL-1, CUP-59, SH-3, R-3d2000-01-2910HBE pBE 820g250.00l0o105.23 Purr2024-06-13 00:00:00w2022-10-30yBK003Print4070aMIETLIBbMIETLIBcBL-Academic Block - C, FL-2, CUP-18, SH-2, R-2d2000-01-2910HBE